| 000 | 00415nam a22001697a 4500 | ||
|---|---|---|---|
| 999 |
_c264562 _d264561 |
||
| 003 | OSt | ||
| 005 | 20241018160227.0 | ||
| 008 | 241002b xxu||||| |||| 00| 0 eng d | ||
| 020 | _a553121448 | ||
| 040 | _cN/A | ||
| 050 |
_aPZ7 _bD1515 |
||
| 100 | _aRoald Dahl | ||
| 245 |
_aCharlie and the great glass elevator _cDahl,Roald |
||
| 260 |
_aNew York _bBantam Books _c1972 |
||
| 300 | _b164 pages | ||
| 942 |
_2lcc _cBK |
||